[Event "CHI-chT"]
[Site "Santiago de Chile"]
[Date "2012.12.18"]
[Round "8"]
[White "Abarca Gonzalez, Damaris"]
[Black "Ruiz Figueroa, Sebastian"]
[Result "1-0"]
[WhiteElo "2047"]
[BlackElo "2128"]
[PlyCount "59"]
[EventDate "2012.11.22"]
[EventType "team-tourn"]
[EventRounds "9"]
[EventCountry "CHI"]
[SourceTitle "EXT 2014"]
[Source "ChessBase"]
[SourceDate "2013.11.20"]
[SourceVersion "1"]
[SourceVersionDate "2013.11.20"]
[SourceQuality "1"]

1. e4 Nc6 2. d4 e6 3. Nf3 d5 4. e5 Nge7 5. c3 Ng6 6. Bd3 Be7 7. Be3 Nb8 8. h4 Nd7 9. h5 Ngf8 10. Nbd2 f5 11. exf6 Nxf6 12. Ne5 Bd7 13. Ndf3 Ne4 14. Qc2 Ng5 15. 0-0-0 Nxf3 16. Nxf3 Bd6 17. Rde1 c6 18. h6 g6 19. Kb1 Be7 20. Ne5 Bf6 21. f4 Qc7 22. g4 Rg8 23. f5 Bxe5 24. dxe5 Qxe5 25. Bc5 Qf6 26. fxe6 Nxe6 27. Rhf1 Qg5 28. Qf2 0-0-0 29. Bxa7 Qxh6 30. Qg3 1-0